Torschützen des WM-Finales - Sudden Death - Statistiken

Allgemein
  • Dieses Quiz wurde 621 mal gespielt
  • Das Durchschnittsergebnis liegt bei 6 aus 22
Answers on the Grid
Answers color-coded by a green-red scale on the quiz's grid according to % correct below.
Lionel Messi
Kylian Mbappé
Ángel Di María
Paul Pogba
Ivan Perišić
Antoine Griezmann
Mario Mandžukić
Mario Götze
Andrés Iniesta
Marco Materazzi
Zidedine Zidane
Ronaldo
Emmanuel Petit
Andreas Brehme
Rudi Völler
Paolo Rossi
Mario Kempes
Gerd Müller
Pelé
Geoff Hurst
Ferenc Puskás
Alcides Ghiggia
Cristiano Ronaldo
Luka Modrić
Lautaro Martínez
Arjen Robben
Marco Reus
Francesco Totti
Ronaldinho
Bebeto
Romário
Diego Maradona
Lothar Matthäus
Johan Cruyff
Franz Beckenbauer
Bobby Charlton
Neymar
Marco van Basten
Michel Platini
Roberto Baggio
Kaká
Alfredo Di Stéfano
Fernando Torres
Andriy Shevchenko
Kevin Keegan
 
Antwortstatistiken
Antwort % Korrekt
Mario Götze
68%
Lionel Messi
55%
Kylian Mbappé
54%
Pelé
43%
Zidedine Zidane
42%
Andrés Iniesta
40%
Gerd Müller
39%
Ronaldo
39%
Andreas Brehme
32%
Ángel Di María
32%
Antoine Griezmann
29%
Ivan Perišić
29%
Mario Mandžukić
26%
Paul Pogba
25%
Ferenc Puskás
17%
Marco Materazzi
17%
Emmanuel Petit
12%
Geoff Hurst
12%
Rudi Völler
9%
Mario Kempes
8%
Paolo Rossi
8%
Alcides Ghiggia
5%
Keine übereinstimmenden Quizze gefunden
Verteilung der Resultate
Anzahl Personen mit jedem Resultat
Perzentil nach korrekt beantworteten Fragen
Ihre Resultats-Entwicklung
Sie haben dieses Quiz noch nicht gespielt